[Event "FIDE WCC Blitz Women 2019"]
[Site "Moscow"]
[Date "2019.12.29"]
[Round "4.58"]
[White "Styazhkina, Anna"]
[Black "Khokhlova, Daria"]
[Result "1-0"]
[WhiteElo "2159"]
[BlackElo "2109"]
[Annotator "NA"]
[PlyCount "91"]
[EventDate "2019.12.29"]
[EventType "swiss"]
[EventCountry "RUS"]
[SourceTitle "playchess.com"]
[Source "ChessBase"]
[SourceQuality "1"]

1. e4 c5 2. Nf3 g6 3. d4 cxd4 4. Nxd4 Nc6 5. c4 Nf6 6. Nc3 d6 7. f3 Nxd4 8. Qxd4 Bg7 9. Be3 O-O 10. Qd2 Be6 11. Rc1 Re8 12. Be2 Qa5 13. O-O Rec8 14. b3 a6 15. f4 b5 16. f5 b4 17. fxe6 bxc3 18. exf7+ Kf8 19. Qc2 Qe5 20. Bf3 a5 21. Rcd1 Kxf7 22. Bd4 Qg5 23. Qxc3 a4 24. e5 dxe5 25. Be3 Qh4 26. Bxa8 Rxa8 27. Qxe5 Re8 28. Bg5 Qg4 29. Rde1 Qd7 30. Rd1 Qa7+ 31. Kh1 axb3 32. axb3 Qb7 33. Qd5+ Qxd5 34. Rxd5 Rb8 35. Rd3 h6 36. Bf4 Rb7 37. Re1 Ng4 38. Bg3 h5 39. h3 Nh6 40. Rde3 Nf5 41. Rf3 Bf6 42. Be5 Bh4 43. Re4 Ke6 44. Bg3+ Kd7 45. Bxh4 Nxh4 46. Rxh4 1-0

[Event "FIDE WCC Blitz Women 2019"]
[Site "Moscow"]
[Date "2019.12.29"]
[Round "4.59"]
[White "Barchuk, Irina"]
[Black "Manakova, Maria"]
[Result "1-0"]
[WhiteElo "2047"]
[BlackElo "2149"]
[Annotator "NA"]
[PlyCount "183"]
[EventDate "2019.12.29"]
[EventType "swiss"]
[EventCountry "RUS"]
[SourceTitle "playchess.com"]
[Source "ChessBase"]
[SourceQuality "1"]

1. e4 c5 2. Nf3 Nc6 3. d4 cxd4 4. Nxd4 Nf6 5. Nc3 e5 6. Ndb5 d6 7. Bg5 a6 8. Na3 b5 9. Nd5 Be7 10. Bxf6 Bxf6 11. c4 b4 12. Nc2 Rb8 13. b3 O-O 14. g3 Bg5 15. Bg2 a5 16. O-O Be6 17. f4 exf4 18. gxf4 Bh4 19. Nde3 Bf6 20. Rb1 Qb6 21. Kh1 Qc5 22. Qf3 Nd4 23. Nxd4 Bxd4 24. Rfe1 Rbe8 25. Rbd1 Bc3 26. Re2 Bc8 27. Nd5 f5 28. Nxc3 bxc3 29. Qxc3 fxe4 30. Rd5 Qc7 31. Qxa5 Qf7 32. Qc3 Qxf4 33. Qe3 Qf6 34. Qd4 Qh6 35. Rxd6 Qc1+ 36. Qd1 Qxd1+ 37. Rxd1 Bg4 38. Rde1 Bxe2 39. Rxe2 e3 40. Bd5+ Kh8 41. Kg2 Rf4 42. b4 g5 43. b5 Rd4 44. a4 g4 45. Kg3 Rd2 46. Re1 e2 47. Kxg4 Rd1 48. Rxe2 Rxe2 49. Bf3 Rd4+ 50. Kg3 Re3 51. c5 Rdd3 52. c6 Rxf3+ 53. Kg4 Rf7 54. b6 Rd4+ 55. Kg3 Rxa4 56. c7 Rc4 57. b7 Rg7+ 58. Kf3 Rgxc7 59. b8=Q+ Kg7 60. Qb2+ Rc3+ 61. Ke4 Kf7 62. Qf2+ Kg7 63. Qd4+ Kf8 64. Qd6+ Re7+ 65. Kd4 Rce3 66. Qf6+ Ke8 67. Qc6+ Kf7 68. Qd5+ Kf6 69. Qc6+ R3e6 70. Qf3+ Kg7 71. Qg3+ Kf7 72. Qf3+ Ke8 73. Qa8+ Kf7 74. Qf3+ Rf6 75. Qd5+ Kg7 76. Qg2+ Kf7 77. Qd5+ Kg7 78. Qb3 Kf8 79. Qf3 Re8 80. Qa3+ Kg8 81. Qg3+ Kh8 82. Qc3 Re5 83. Kxe5 Rg6 84. Qc8+ Kg7 85. h4 Kh6 86. Kf5 Kg7 87. h5 Rf6+ 88. Kg5 h6+ 89. Kg4 Rf7 90. Qe6 Rf6 91. Qe8 Rf8 92. Qg6+ 1-0

[Event "FIDE WCC Blitz Women 2019"]
[Site "Moscow"]
[Date "2019.12.29"]
[Round "4.60"]
[White "Guindy, Esmat Susanne"]
[Black "Fominykh, Maria"]
[Result "0-1"]
[WhiteElo "2120"]
[BlackElo "2055"]
[Annotator "NA"]
[PlyCount "39"]
[EventDate "2019.12.29"]
[EventType "swiss"]
[EventCountry "RUS"]
[SourceTitle "playchess.com"]
[Source "ChessBase"]
[SourceQuality "1"]

1. d4 Nf6 2. c4 g6 3. g3 Bg7 4. Bg2 d6 5. Nf3 O-O 6. Nc3 Nc6 7. O-O a6 8. d5 Na5 9. Qd3 c5 10. dxc6 Nxc6 11. e4 Bg4 12. h3 Bxf3 13. Bxf3 Ne5 14. Qe2 Nxf3+ 15. Qxf3 Nd7 16. Bd2 Ne5 17. Qe2 Qc8 18. Kh2 Qxc4 19. Nd5 Qxe2 20. Rh1 0-1

[Event "FIDE WCC Blitz Women 2019"]
[Site "Moscow"]
[Date "2019.12.29"]
[Round "4.61"]
[White "Dauletova, Gulmira"]
[Black "Fatianova, Tatiana"]
[Result "1-0"]
[WhiteElo "2112"]
[BlackElo "2029"]
[Annotator "NA"]
[PlyCount "93"]
[EventDate "2019.12.29"]
[EventType "swiss"]
[EventCountry "RUS"]
[SourceTitle "playchess.com"]
[Source "ChessBase"]
[SourceQuality "1"]

1. e4 Nc6 2. Nf3 d6 3. d4 Nf6 4. Nc3 g6 5. Be2 Bg7 6. O-O O-O 7. h3 e5 8. d5 Ne7 9. Be3 Nd7 10. Nd2 f5 11. f3 Nf6 12. a4 f4 13. Bf2 g5 14. Nb5 a6 15. Na3 Ng6 16. c4 h5 17. c5 Qd7 18. cxd6 cxd6 19. Nac4 Qe7 20. Nb6 Rb8 21. Rc1 Nd7 22. Rc7 Qe8 23. Ndc4 Rf6 24. Qc2 Qd8 25. Rxc8 Rxc8 26. Nxc8 Qxc8 27. Qb3 Nc5 28. Qb4 Bf8 29. Nb6 Qd8 30. a5 g4 31. fxg4 hxg4 32. Bxg4 f3 33. gxf3 Nf4 34. Bh4 Nfd3 35. Qd2 Bg7 36. b4 Qf8 37. Bxf6 Qxf6 38. bxc5 Nxc5 39. Nd7 Qg6 40. Nxc5 dxc5 41. Qg2 Bh6 42. Be6+ Kg7 43. Qxg6+ Kxg6 44. Rb1 c4 45. Rxb7 c3 46. Rc7 Bd2 47. Kf1 1-0

[Event "FIDE WCC Blitz Women 2019"]
[Site "Moscow"]
[Date "2019.12.29"]
[Round "5.1"]
[White "Koneru, Humpy"]
[Black "Sargsyan, Anna"]
[Result "1-0"]
[WhiteElo "2489"]
[BlackElo "1708"]
[Annotator "ChessBase"]
[PlyCount "91"]
[EventDate "2019.12.29"]
[EventType "swiss"]
[EventCountry "RUS"]
[SourceTitle "playchess.com"]
[Source "ChessBase"]
[SourceQuality "1"]

1. d4 d5 2. c4 c6 3. Nc3 Nf6 4. e3 e6 5. Nf3 Nbd7 6. Qc2 Bd6 7. Bd3 dxc4 8. Bxc4 b5 9. Be2 Bb7 10. O-O O-O 11. e4 e5 12. dxe5 Nxe5 13. Nh4 b4 14. Nf5 Neg4 15. h3 bxc3 16. hxg4 Bc7 17. bxc3 c5 18. f3 Re8 19. Rd1 Qc8 20. Bg5 Qe6 21. Qb3 c4 22. Qxb7 Bb6+ 23. Kf1 Rab8 24. Qa6 h6 25. Bxf6 Qxf6 26. Qxc4 g6 27. Nd4 Rec8 28. Qd3 h5 29. gxh5 gxh5 30. Rac1 Kh8 31. f4 Qxf4+ 32. Qf3 Qg5 33. Qxh5+ Qxh5 34. Bxh5 Kg7 35. Bf3 Rh8 36. Nf5+ Kf6 37. Rd6+ Ke5 38. Rd5+ Kf4 39. Ke2 Rh2 40. Kd3 Bc7 41. Nd4 Kg3 42. Ne2+ Kf2 43. Rf5 Rd8+ 44. Nd4 Kg3 45. Ke3 f6 46. Ne2+ 1-0

[Event "FIDE WCC Blitz Women 2019"]
[Site "Moscow"]
[Date "2019.12.29"]
[Round "5.2"]
[White "Lagno, Kateryna"]
[Black "Munguntuul, Batkhuyag"]
[Result "1-0"]
[WhiteElo "2606"]
[BlackElo "2282"]
[Annotator "TA"]
[PlyCount "53"]
[EventDate "2019.12.29"]
[EventType "swiss"]
[EventCountry "RUS"]
[SourceTitle "playchess.com"]
[Source "ChessBase"]
[SourceQuality "1"]

1. e4 c5 2. Nf3 e6 3. d4 cxd4 4. Nxd4 Nc6 5. Nc3 Qc7 6. Be3 a6 7. a3 Nf6 8. f4 d6 9. Bd3 Be7 10. Qf3 O-O 11. O-O Bd7 12. Nb3 b5 13. Rae1 b4 14. axb4 Nxb4 15. Kh1 Bc6 16. Nd4 Bb7 17. Qg3 d5 18. e5 Ne4 19. Bxe4 dxe4 20. f5 Kh8 21. fxe6 f6 22. Nf5 Rg8 23. Nxe7 Qxe7 24. exf6 gxf6 25. Qf2 Rg6 26. Bd4 Rf8 27. Nxe4 1-0

[Event "FIDE WCC Blitz Women 2019"]
[Site "Moscow"]
[Date "2019.12.29"]
[Round "5.3"]
[White "Voit, Daria"]
[Black "Lei, Tingjie"]
[Result "0-1"]
[WhiteElo "2293"]
[BlackElo "2543"]
[Annotator "ChessBase"]
[PlyCount "45"]
[EventDate "2019.12.29"]
[EventType "swiss"]
[EventCountry "RUS"]
[SourceTitle "playchess.com"]
[Source "ChessBase"]
[SourceQuality "1"]

1. d4 Nf6 2. Nf3 g6 3. c4 Bg7 4. Nc3 d5 5. Qb3 dxc4 6. Qxc4 Be6 7. Qa4+ Bd7 8. Qc2 c5 9. e4 cxd4 10. Nxd4 Nc6 11. Nxc6 Bxc6 12. f3 Rc8 13. Be3 O-O 14. Kf2 b5 15. Qb3 a6 16. Be2 Qc7 17. a4 Rb8 18. axb5 axb5 19. Qb4 Qe5 20. g3 Rbc8 21. Bf4 Qe6 22. Be3 Nd7 23. Ra7 0-1

[Event "FIDE WCC Blitz Women 2019"]
[Site "Moscow"]
[Date "2019.12.29"]
[Round "5.5"]
[White "Bodnaruk, Anastasia"]
[Black "Tan, Zhongyi"]
[Result "0-1"]
[WhiteElo "2375"]
[BlackElo "2480"]
[Annotator "ChessBase"]
[PlyCount "42"]
[EventDate "2019.12.29"]
[EventType "swiss"]
[EventCountry "RUS"]
[SourceTitle "playchess.com"]
[Source "ChessBase"]
[SourceQuality "1"]

1. e4 d6 2. d4 Nf6 3. Nc3 g6 4. Be3 a6 5. f3 b5 6. Qd2 Nbd7 7. Bd3 Bb7 8. O-O-O c5 9. e5 cxd4 10. Bxd4 dxe5 11. Be3 Bg7 12. h4 O-O 13. h5 Nxh5 14. Bh6 Ndf6 15. g4 Nf4 16. Qh2 Qb6 17. Ne4 Bxe4 18. Bxe4 Rad8 19. Bxg7 Qe3+ 20. Qd2 Rxd2 21. Rxd2 Kxg7 0-1

[Event "FIDE WCC Blitz Women 2019"]
[Site "Moscow"]
[Date "2019.12.29"]
[Round "5.6"]
[White "Dzagnidze, Nana"]
[Black "Assaubayeva, Bibisara"]
[Result "1-0"]
[WhiteElo "2432"]
[BlackElo "2323"]
[Annotator "NA"]
[PlyCount "67"]
[EventDate "2019.12.29"]
[EventType "swiss"]
[EventCountry "RUS"]
[SourceTitle "playchess.com"]
[Source "ChessBase"]
[SourceQuality "1"]

1. c4 Nf6 2. Nc3 g6 3. g3 Bg7 4. Bg2 O-O 5. d3 c5 6. Bg5 Nc6 7. Qd2 Nd4 8. Nf3 d6 9. O-O Nxf3+ 10. Bxf3 Rb8 11. Bh6 Bh3 12. Rfd1 Qd7 13. Bxg7 Kxg7 14. d4 cxd4 15. Qxd4 a6 16. Nd5 Be6 17. Nxf6 exf6 18. c5 Qb5 19. cxd6 Rfd8 20. b3 Rd7 21. Rd2 Rbd8 22. Rad1 Qa5 23. Qa4 Qe5 24. Qb4 a5 25. Qb6 a4 26. bxa4 Qc3 27. a5 Qa3 28. Bxb7 Rb8 29. a6 Bc4 30. Qc6 Be6 31. Qf3 Qa4 32. Qc3 Rdd8 33. Qc7 Rd7 34. Qxb8 1-0

[Event "FIDE WCC Blitz Women 2019"]
[Site "Moscow"]
[Date "2019.12.29"]
[Round "5.7"]
[White "Abdumalik, Zhansaya"]
[Black "Mammadova, Gulnar"]
[Result "1-0"]
[WhiteElo "2415"]
[BlackElo "2293"]
[Annotator "NA"]
[PlyCount "125"]
[EventDate "2019.12.29"]
[EventType "swiss"]
[EventCountry "RUS"]
[SourceTitle "playchess.com"]
[Source "ChessBase"]
[SourceQuality "1"]

1. e4 e6 2. d4 d5 3. Nc3 Bb4 4. e5 c5 5. a3 Bxc3+ 6. bxc3 Qa5 7. Bd2 Qa4 8. Qg4 Kf8 9. Nf3 Nc6 10. Ra2 b6 11. h4 Nge7 12. h5 h6 13. Qf4 Ba6 14. dxc5 Qxf4 15. Bxf4 Bxf1 16. Kxf1 bxc5 17. Be3 c4 18. Rb2 Kg8 19. Ke2 Kh7 20. Rhb1 g6 21. hxg6+ Kxg6 22. Rb7 Nf5 23. Bc5 Rhc8 24. g4 Ng7 25. Be3 a6 26. Nh4+ Kh7 27. Rxf7 Nxe5 28. Re7 Re8 29. Rxg7+ Kxg7 30. Bd4 Re7 31. Bxe5+ Kf7 32. f4 Raa7 33. g5 hxg5 34. fxg5 Rab7 35. g6+ Kg8 36. Rh1 Kf8 37. Bd6 Kg7 38. Be5+ Kf8 39. Nf3 Ke8 40. Rh8+ Kd7 41. g7 Rxg7 42. Bxg7 Rb2 43. Kd2 Rb1 44. Nd4 Rg1 45. Be5 Rg2+ 46. Ke3 a5 47. Rh7+ Ke8 48. Nb5 a4 49. Nc7+ Kd8 50. Nxe6+ Ke8 51. Nf4 Rxc2 52. Nxd5 Rc1 53. Kd4 Re1 54. Bd6 Kd8 55. Nb6 Rd1+ 56. Kc5 Ke8 57. Re7+ Kd8 58. Ra7 Ke8 59. Nxc4 Kd8 60. Rxa4 Kd7 61. Ra7+ Ke6 62. Re7+ Kf6 63. a4 1-0

[Event "FIDE WCC Blitz Women 2019"]
[Site "Moscow"]
[Date "2019.12.29"]
[Round "5.8"]
[White "Kashlinskaya, Alina"]
[Black "Galliamova, Alisa"]
[Result "1/2-1/2"]
[WhiteElo "2282"]
[BlackElo "2415"]
[Annotator "NA"]
[PlyCount "50"]
[EventDate "2019.12.29"]
[EventType "swiss"]
[EventCountry "RUS"]
[SourceTitle "playchess.com"]
[Source "ChessBase"]
[SourceQuality "1"]

1. d4 d5 2. c4 c6 3. cxd5 cxd5 4. Bg5 Nf6 5. Bxf6 gxf6 6. Nc3 Nc6 7. e3 f5 8. g3 Bg7 9. Nf3 e6 10. Bd3 O-O 11. O-O a6 12. Rc1 Bd7 13. Na4 Qe7 14. Nb6 Rab8 15. Nh4 Be8 16. a3 f4 17. Ng2 fxe3 18. fxe3 f5 19. Nf4 Nxd4 20. Nc8 Qd7 21. Nb6 Qe7 22. Nc8 Qd7 23. Nb6 Qe7 24. Nc8 Qd7 25. Nb6 Qe7 1/2-1/2

[Event "FIDE WCC Blitz Women 2019"]
[Site "Moscow"]
[Date "2019.12.29"]
[Round "5.9"]
[White "Saduakassova, Dinara"]
[Black "Ambartsumova, Karina"]
[Result "0-1"]
[WhiteElo "2390"]
[BlackElo "2254"]
[Annotator "NA"]
[PlyCount "102"]
[EventDate "2019.12.29"]
[EventType "swiss"]
[EventCountry "RUS"]
[SourceTitle "playchess.com"]
[Source "ChessBase"]
[SourceQuality "1"]

1. d4 d6 2. Nf3 g6 3. g3 Nf6 4. Bg2 Bg7 5. c4 O-O 6. O-O c6 7. Nc3 Bf5 8. Ng5 h6 9. e4 Bg4 10. f3 Bc8 11. Nh3 e5 12. Be3 Nbd7 13. Qd2 Kh7 14. Rad1 Qc7 15. Nf2 a6 16. d5 cxd5 17. Nxd5 Nxd5 18. cxd5 Nf6 19. Rc1 Qe7 20. Rc2 Ne8 21. Rfc1 Bd7 22. Qb4 b5 23. Nd3 f5 24. Qd2 h5 25. Nb4 h4 26. Bg5 Bf6 27. Bxf6 Qxf6 28. Nc6 Kg7 29. exf5 Bxf5 30. Rc3 hxg3 31. hxg3 Rh8 32. Qe3 g5 33. Qb6 Rc8 34. Qxa6 Rc7 35. Qxb5 g4 36. Qe2 gxf3 37. Rxf3 Qg5 38. Rcf1 Bg4 39. Qe3 Qh5 40. b4 Bxf3 41. Rxf3 Nf6 42. Qd3 e4 43. Qe3 exf3 44. Qxf3 Qxf3 45. Bxf3 Ra8 46. b5 Rxa2 47. b6 Rb7 48. Nd4 Rxb6 49. Ne6+ Kh6 50. Bg2 Rb1+ 51. Bf1 Raa1 0-1

[Event "FIDE WCC Blitz Women 2019"]
[Site "Moscow"]
[Date "2019.12.29"]
[Round "5.10"]
[White "Mkrtchian, Lilit"]
[Black "Cramling, Pia"]
[Result "1/2-1/2"]
[WhiteElo "2268"]
[BlackElo "2383"]
[Annotator "NA"]
[PlyCount "62"]
[EventDate "2019.12.29"]
[EventType "swiss"]
[EventCountry "RUS"]
[SourceTitle "playchess.com"]
[Source "ChessBase"]
[SourceQuality "1"]

1. c4 c5 2. g3 g6 3. Bg2 Bg7 4. Nc3 Nc6 5. d3 d6 6. Qd2 Qd7 7. b3 b6 8. Bb2 Bb7 9. Ne4 e5 10. Nc3 Nge7 11. e3 O-O 12. h4 h6 13. Nge2 Nd4 14. e4 f5 15. Nxd4 cxd4 16. Ne2 b5 17. f3 bxc4 18. bxc4 Rab8 19. O-O Bc6 20. Ba3 Rb7 21. Rab1 Rfb8 22. Rxb7 Rxb7 23. Qa5 Nc8 24. Bh3 Ne7 25. Qd2 Rb6 26. Qc2 Ra6 27. Bb4 Rb6 28. Ba3 Ra6 29. Bb4 Rb6 30. Ba3 Ra6 31. Bb4 Rb6 1/2-1/2

[Event "FIDE WCC Blitz Women 2019"]
[Site "Moscow"]
[Date "2019.12.29"]
[Round "5.12"]
[White "Hejazipour, Mitra"]
[Black "Gunina, Valentina"]
[Result "0-1"]
[WhiteElo "2191"]
[BlackElo "2366"]
[Annotator "NA"]
[PlyCount "148"]
[EventDate "2019.12.29"]
[EventType "swiss"]
[EventCountry "RUS"]
[SourceTitle "playchess.com"]
[Source "ChessBase"]
[SourceQuality "1"]

1. d4 Nf6 2. c4 e6 3. Nf3 Bb4+ 4. Bd2 Bxd2+ 5. Qxd2 d5 6. e3 O-O 7. Nc3 Qe7 8. Bd3 dxc4 9. Bxc4 c5 10. O-O Rd8 11. Qe2 Nc6 12. dxc5 Qxc5 13. Rfd1 Bd7 14. Rac1 Rac8 15. Bd3 Qh5 16. h3 Ne5 17. Nxe5 Qxe5 18. Bb1 h6 19. Rd2 Bc6 20. Rcd1 Rxd2 21. Rxd2 Qg5 22. Qf1 a6 23. a3 b5 24. Rd1 a5 25. Ne2 b4 26. axb4 axb4 27. Nd4 Ba8 28. f4 Qa5 29. Rc1 Rd8 30. Qb5 Qxb5 31. Nxb5 g6 32. Nd4 Kg7 33. Ba2 Rd7 34. Bb3 Be4 35. Kf2 Bd3 36. Rd1 Ba6 37. Ba4 Rc7 38. Bb3 Ne4+ 39. Ke1 Kf6 40. g4 g5 41. Ra1 Bb7 42. Ke2 e5 43. fxe5+ Kxe5 44. Ra5+ Kf6 45. Rf5+ Kg7 46. Nb5 Ng3+ 47. Kf2 Ne4+ 48. Ke2 Rd7 49. Rf1 Rd2+ 50. Ke1 Rd7 51. Nd4 Nc5 52. Bc4 Be4 53. b3 Ra7 54. Kf2 Ra2+ 55. Ke1 f6 56. Rf2 Ra1+ 57. Ke2 Kg6 58. Rf1 Ra2+ 59. Ke1 Nd7 60. Be6 Ne5 61. Bf5+ Bxf5 62. Rxf5 Rh2 63. Nf3 Nd3+ 64. Kd1 Rxh3 65. Nd4 Ne5 66. Ke2 Nxg4 67. Rb5 Rxe3+ 68. Kd2 Re4 69. Rxb4 Ne5 70. Ra4 h5 71. Ne2 Nf3+ 72. Kd1 Re3 73. b4 h4 74. b5 Rb3 0-1

[Event "FIDE WCC Blitz Women 2019"]
[Site "Moscow"]
[Date "2019.12.29"]
[Round "5.13"]
[White "Nazarova, Anastasia"]
[Black "Muzychuk, Mariya"]
[Result "0-1"]
[WhiteElo "2049"]
[BlackElo "2344"]
[Annotator "NA"]
[PlyCount "60"]
[EventDate "2019.12.29"]
[EventType "swiss"]
[EventCountry "RUS"]
[SourceTitle "playchess.com"]
[Source "ChessBase"]
[SourceQuality "1"]

1. e4 c5 2. Nf3 e6 3. c4 Nc6 4. d4 cxd4 5. Nxd4 Nf6 6. Nc3 Bb4 7. Qd3 Ne5 8. Qg3 Ng6 9. Bd3 d6 10. O-O O-O 11. h4 Bxc3 12. bxc3 Ne5 13. Ba3 Nxd3 14. Qxd3 Ng4 15. Nf3 Qa5 16. Bxd6 Rd8 17. c5 Qxc5 18. Rad1 Qh5 19. Qc4 Bd7 20. Bc7 Bb5 21. Qb4 Rdc8 22. c4 Bc6 23. Bg3 Bxe4 24. Rd7 Nf6 25. Re7 Bxf3 26. gxf3 Qxf3 27. Rxb7 Rxc4 28. Qe7 Nd5 29. Qd7 Ne3 30. Rxa7 Qg2# 0-1

[Event "FIDE WCC Blitz Women 2019"]
[Site "Moscow"]
[Date "2019.12.29"]
[Round "5.14"]
[White "Girya, Olga"]
[Black "Gvetadze, Sofio"]
[Result "0-1"]
[WhiteElo "2337"]
[BlackElo "2202"]
[Annotator "NA"]
[PlyCount "78"]
[EventDate "2019.12.29"]
[EventType "swiss"]
[EventCountry "RUS"]
[SourceTitle "playchess.com"]
[Source "ChessBase"]
[SourceQuality "1"]

1. d4 Nf6 2. c4 g6 3. Nc3 c5 4. d5 Bg7 5. e4 d6 6. Nf3 O-O 7. Bd3 Bg4 8. h3 Bxf3 9. Qxf3 Na6 10. O-O Nc7 11. a4 Rb8 12. Qe2 Nd7 13. f4 a6 14. Be3 e6 15. a5 exd5 16. cxd5 Re8 17. Qd2 b5 18. axb6 Rxb6 19. Rf2 Nb5 20. Nxb5 axb5 21. Re1 Rb7 22. Rfe2 Qa8 23. Bf2 Qa2 24. Bb1 Qa4 25. Bc2 Qa2 26. Bb1 Qa4 27. e5 dxe5 28. fxe5 Rxe5 29. Rxe5 Bxe5 30. d6 Qf4 31. Qxf4 Bxf4 32. Re8+ Kg7 33. Be4 Ra7 34. Rd8 Ra1+ 35. Be1 Rxe1+ 36. Kf2 Rxe4 37. Rxd7 Rd4 38. Rb7 Bxd6 39. Rxb5 Rb4 0-1

[Event "FIDE WCC Blitz Women 2019"]
[Site "Moscow"]
[Date "2019.12.29"]
[Round "5.15"]
[White "Muzychuk, Anna"]
[Black "Fataliyeva, Ulviyya"]
[Result "1-0"]
[WhiteElo "2504"]
[BlackElo "2108"]
[Annotator "ChessBase"]
[PlyCount "73"]
[EventDate "2019.12.29"]
[EventType "swiss"]
[EventCountry "RUS"]
[SourceTitle "playchess.com"]
[Source "ChessBase"]
[SourceQuality "1"]

1. e4 e6 2. d4 d5 3. Nc3 Nf6 4. e5 Nfd7 5. f4 c5 6. Nf3 Nc6 7. Be3 cxd4 8. Nxd4 Bc5 9. Qd2 O-O 10. O-O-O a6 11. h4 Nxd4 12. Bxd4 b5 13. Kb1 b4 14. Ne2 a5 15. Qe3 Qc7 16. Bxc5 Nxc5 17. Nd4 Ba6 18. Bd3 a4 19. h5 Rfc8 20. Bxa6 Rxa6 21. Nb5 Qb8 22. Nd6 Rxd6 23. exd6 a3 24. h6 Ne4 25. Qd4 f6 26. d7 Rd8 27. f5 axb2 28. fxe6 Nc3+ 29. Kxb2 Qd6 30. Rhe1 Ra8 31. Ra1 Nb5 32. Qg4 g6 33. e7 Nc7 34. e8=Q+ Nxe8 35. dxe8=Q+ Rxe8 36. Rxe8+ Kf7 37. Rae1 1-0

[Event "FIDE WCC Blitz Women 2019"]
[Site "Moscow"]
[Date "2019.12.29"]
[Round "5.16"]
[White "Khademalsharieh, Sarasadat"]
[Black "Maltsevskaya, Aleksandra"]
[Result "1-0"]
[WhiteElo "2463"]
[BlackElo "2280"]
[Annotator "ChessBase"]
[PlyCount "77"]
[EventDate "2019.12.29"]
[EventType "swiss"]
[EventCountry "RUS"]
[SourceTitle "playchess.com"]
[Source "ChessBase"]
[SourceQuality "1"]

1. d4 Nf6 2. Nf3 g6 3. c4 Bg7 4. g3 O-O 5. Bg2 d6 6. O-O Nbd7 7. Nc3 e5 8. e4 exd4 9. Nxd4 Nc5 10. h3 Re8 11. Re1 Bd7 12. Rb1 a6 13. b4 Ne6 14. Be3 h6 15. Qd2 Qc8 16. Kh2 Kh7 17. Nd5 Ng5 18. Bxg5 hxg5 19. Qxg5 Qd8 20. Qd2 Re5 21. f4 Rh5 22. f5 Ng4+ 23. Kg1 Ne5 24. Qe2 c6 25. Nf4 Rh6 26. Nf3 Qb6+ 27. Kh1 Ng4 28. Ng5+ Kg8 29. Qxg4 Re8 30. c5 Qc7 31. Rbd1 dxc5 32. Qe2 cxb4 33. Qd3 Bc8 34. fxg6 fxg6 35. Qc4+ Kf8 36. Nge6+ Bxe6 37. Nxe6+ Rxe6 38. Qxe6 Be5 39. Rd7 1-0

[Event "FIDE WCC Blitz Women 2019"]
[Site "Moscow"]
[Date "2019.12.29"]
[Round "5.17"]
[White "Kovalevskaya, Ekaterina"]
[Black "Harika, Dronavalli"]
[Result "0-1"]
[WhiteElo "2286"]
[BlackElo "2445"]
[Annotator "NA"]
[PlyCount "98"]
[EventDate "2019.12.29"]
[EventType "swiss"]
[EventCountry "RUS"]
[SourceTitle "playchess.com"]
[Source "ChessBase"]
[SourceQuality "1"]

1. Nf3 Nf6 2. g3 g6 3. Bg2 Bg7 4. O-O O-O 5. d4 d6 6. Re1 Nbd7 7. e4 e5 8. Nc3 c6 9. a4 Qc7 10. h3 Re8 11. Be3 Nf8 12. Qd2 b6 13. Rad1 Bb7 14. Bh6 Rad8 15. Bxg7 Kxg7 16. Nh2 Ne6 17. d5 Nd4 18. dxc6 Bxc6 19. f4 a6 20. Qf2 b5 21. Rf1 Ng8 22. fxe5 dxe5 23. Ng4 b4 24. Nd5 Bxd5 25. exd5 Nf5 26. Be4 Nd6 27. Bg2 f5 28. Nh2 Nf6 29. g4 f4 30. Rde1 Rc8 31. g5 Nh5 32. Ng4 Qxc2 33. Rxe5 Qxf2+ 34. Rxf2 Rc1+ 35. Kh2 Rxe5 36. Nxe5 b3 37. Nd3 Rc2 38. Kg1 Nc4 39. Rxc2 bxc2 40. b4 Nb2 41. Nc1 Nxa4 42. Bf1 Nb6 43. d6 Ng3 44. Bxa6 Ne4 45. Bb5 Nxd6 46. Bd3 Nd5 47. Bxc2 Ne4 48. Bb3 f3 49. Nd3 f2+ 0-1

[Event "FIDE WCC Blitz Women 2019"]
[Site "Moscow"]
[Date "2019.12.29"]
[Round "5.18"]
[White "Gaponenko, Inna"]
[Black "Injac, Teodora"]
[Result "1/2-1/2"]
[WhiteElo "2415"]
[BlackElo "2236"]
[Annotator "NA"]
[PlyCount "62"]
[EventDate "2019.12.29"]
[EventType "swiss"]
[EventCountry "RUS"]
[SourceTitle "playchess.com"]
[Source "ChessBase"]
[SourceQuality "1"]

1. e4 c5 2. c3 e6 3. d4 d5 4. exd5 exd5 5. Nf3 Nc6 6. Bb5 Nf6 7. O-O Be7 8. dxc5 Bxc5 9. Re1+ Ne4 10. Be3 Bxe3 11. Rxe3 O-O 12. Nbd2 Nf6 13. Nb3 Qb6 14. Bd3 Bg4 15. h3 Bh5 16. Qc2 Rfe8 17. Rae1 Bxf3 18. Rxe8+ Rxe8 19. Rxe8+ Nxe8 20. Bxh7+ Kh8 21. gxf3 g6 22. Bxg6 fxg6 23. Qxg6 Ng7 24. f4 Qd8 25. f5 Qe8 26. Qh6+ Kg8 27. f6 Qe1+ 28. Kg2 Qe4+ 29. Kg1 Qe1+ 30. Kg2 Qe4+ 31. Kg1 Qe1+ 1/2-1/2

[Event "FIDE WCC Blitz Women 2019"]
[Site "Moscow"]
[Date "2019.12.29"]
[Round "5.19"]
[White "Mamedjarova, Turkan"]
[Black "Arabidze, Meri"]
[Result "0-1"]
[WhiteElo "2273"]
[BlackElo "2412"]
[Annotator "NA"]
[PlyCount "150"]
[EventDate "2019.12.29"]
[EventType "swiss"]
[EventCountry "RUS"]
[SourceTitle "playchess.com"]
[Source "ChessBase"]
[SourceQuality "1"]

1. d4 d5 2. Nf3 Nf6 3. c4 e6 4. Nc3 Nbd7 5. Bf4 dxc4 6. e3 b5 7. Nxb5 Bb4+ 8. Nc3 Nd5 9. Qc2 N7b6 10. Be2 Nxf4 11. exf4 O-O 12. O-O Bb7 13. Ng5 g6 14. Qd2 c5 15. Rad1 cxd4 16. Qxd4 Qxd4 17. Rxd4 Rac8 18. Nce4 h6 19. Nf3 Nd5 20. Bxc4 Nxf4 21. g3 Nh5 22. Bb3 Ba5 23. Nd6 Bxf3 24. Nxc8 Rxc8 25. Rc4 Rd8 26. Rfc1 Kg7 27. h3 Bb6 28. R4c2 Nxg3 29. Kh2 Ne4 30. Re1 Nxf2 31. Rf1 Be4 32. Re2 Bd3 33. Rfxf2 Bxf2 34. Rxf2 Bf5 35. Bc4 Rd4 36. b3 Rh4 37. Rf3 Rd4 38. Rc3 Rd2+ 39. Kg3 Rxa2 40. Bb5 Rb2 41. Ba4 Rc2 42. Re3 g5 43. Re5 Rc3+ 44. Kf2 Rxh3 45. Ra5 Bc2 46. Rxa7 Bxb3 47. Be8 e5 48. Bd7 Rc3 49. Bf5 Kf6 50. Be4 Rc4 51. Ra6+ Kg7 52. Ke3 Rc3+ 53. Kd2 Rg3 54. Ra3 Rh3 55. Bf5 Rf3 56. Be4 Rf4 57. Bc6 Be6 58. Ke3 h5 59. Ra1 h4 60. Rg1 Kf6 61. Ba8 h3 62. Bb7 Rh4 63. Rf1+ Rf4 64. Rh1 g4 65. Rg1 Kg5 66. Rc1 h2 67. Rc5 f6 68. Rc7 Kh4 69. Re7 Bf5 70. Rf7 Bc2 71. Rf8 Kg3 72. Rc8 Be4 73. Bxe4 Rxe4+ 74. Kxe4 h1=Q+ 75. Kf5 Qf3+ 0-1

[Event "FIDE WCC Blitz Women 2019"]
[Site "Moscow"]
[Date "2019.12.29"]
[Round "5.20"]
[White "Strutinskaia, Galina"]
[Black "Pourkashiyan, Atousa"]
[Result "0-1"]
[WhiteElo "2227"]
[BlackElo "2327"]
[Annotator "NA"]
[PlyCount "98"]
[EventDate "2019.12.29"]
[EventType "swiss"]
[EventCountry "RUS"]
[SourceTitle "playchess.com"]
[Source "ChessBase"]
[SourceQuality "1"]

1. d4 Nf6 2. c4 e6 3. Nc3 Bb4 4. Bd2 O-O 5. a3 Be7 6. e4 d5 7. e5 Ne4 8. Nxe4 dxe4 9. Be3 b6 10. f3 Bb7 11. fxe4 Bxe4 12. Nf3 c5 13. dxc5 bxc5 14. Be2 Nc6 15. O-O Rb8 16. Qc1 Qc7 17. Qc3 Bxf3 18. Rxf3 Qxe5 19. Rg3 Rxb2 20. Qxe5 Nxe5 21. Bf1 Ng6 22. Rd1 Rb3 23. Bf2 Rxg3 24. Bxg3 Rd8 25. Rxd8+ Bxd8 26. Bd6 Be7 27. Bb8 a6 28. Kf2 f5 29. g3 Kf7 30. Bg2 Bd8 31. Ba7 Ne5 32. Bf1 Be7 33. Ke3 Ng4+ 34. Kd3 Nxh2 35. Bg2 Ng4 36. Bb7 a5 37. Bb6 a4 38. Bc7 e5 39. Bd5+ Kf6 40. Bc6 e4+ 41. Ke2 Ne5 42. Bxe5+ Kxe5 43. Bxa4 g5 44. Bd1 Kd4 45. Bb3 Bd6 46. g4 fxg4 47. a4 Bc7 48. Kf2 h5 49. Kg2 h4 0-1